01106cam a2200277 4500001000800000005001700008008004100025010001700066040001800083043001200101050001600113082002000129100003200149245016500181260005600346300002500402500003300427504004800460650004100508651005800549651004500607650003400652942001200686999001700698952011300715122368920171024114808.0700729s1964 nju |db 001 0 eng d a 64012184  aDLCcDLCdDLC ae-ur---00aJX1995b.R800a327.47222bRUB1 aRubinstein, Alvin Z.91051514aThe Soviets in International Organizations:bChanging policy toward Developing Countries, 1953-1963/cBy Alvin Z. Rubinstein; With a foreword by Philip E. Jacob aPrinceton:bPrinceton University Press, 1964c1964. axix, 380 p.;c23 cm. aDonated by: Alaa Abdel Ghany aIncludes bibliography: p. 365-367 and index 0aTechnical assistance, Soviet.910517 910513aSoviet Unionx--Foreign relationsy--1985-1991 910514aSoviet Unionx--Foreign relations 0910516aInternational agencies 2ddccBB c13171d13171 00102ddc40708 aMAINbMAINc1STd2010-01-20eDonationl0o327.47 RUBp000019463r2025-07-15 00:00:00yBB